Biblioteca

El perdón cristiano / Dan Hamilton ; Adriana Powell, Traductor (Registro nro. 34869)

Detalles MARC
000 -LÍDER
Campo fijo de descripción fija 003410000a22001450004500
041 0# - CÓDIGO DE IDIOMA
Código de idioma para texto/pista de sonido o título separado
001 - NÚMERO DE CONTROL
Campo de control 4259
100 1# - ASIENTO PRINCIPAL--NOMBRE PERSONAL
Nombre personal Hamilton, Dan
245 10 - TÍTULO
Título del Material El perdón cristiano / Dan Hamilton ; Adriana Powell, Traductor
260 ## - PUBLICACIÓN, DISTRIBUCIÓN, ETC. (PIE DE IMPRENTA)
Lugar de publicación, distribución, etc. Buenos Aires, Argentina : Certeza
300 ## - DESCRIPCIÓN FÍSICA
Extensión 27 Pag
650 14 - ASIENTO SECUNDARIO DE MATERIA - TERMINO TEMÁTICO
Término temático o nombre geográfico como elemento de entrada PERDON
942 ## - TIPO DE MATERIAL (KOHA)
Tipo de Item KOHA Libros General
Existencias
Estado de Material Estado de Perdido Estado de Dañado No para Préstamo Colección Tomo Biblioteca de Origen Biblioteca Permanente Fecha de Adquisición Total de Préstamos Signatura Topográfica Código de Barras Última vez visto Ejemplar/Existencia Fecha de Remplazo Tipo de Material
        Colección Folletos   Biblioteca FUSBC Biblioteca FUSBC 05/12/2004   AV 0002 25932 12/12/2019 1 26/01/2016 Documentos Archivo Vertical

Biblioteca FUSBC | Teléfono: (57+4) 349 88 10 Ext. 141| WhatsApp (+57) 3005338115 
E-mail: biblioteca@unisbc.edu.co | Calle 76 87-14 Robledo Palenque, Medellín, Colombia

Con tecnología Koha